000 00517nam a2200181Ia 4500
008 090124s9999 xx 000 0 und d
082 _b15199
_a1612
100 _aकाणेकर अनंत
245 _a तुटलेले तारे
250 _a1
260 _c1966
300 _a68
600 _aकाणेकर अनंत
630 _a तुटलेले तारे
700 _aकाणेकर अनंत
730 _a तुटलेले तारे
942 _cBOOK
999 _c129139
_d129139